| 000 | 00810nam a2200253 u 4500 | ||
|---|---|---|---|
| 001 | 000002039 | ||
| 003 | 000002039 | ||
| 005 | 20180320160936.0 | ||
| 008 | 090630s2007 dr r 000 0 spa d | ||
| 020 | _a9789945420227 | ||
| 040 |
_aBPMSU _bspa _cBPMSU |
||
| 092 |
_aRD861.5 _bM516a |
||
| 100 | 1 |
_aMejía, Amable, _d1959- |
|
| 245 | 1 | 3 |
_aEl amor y la baratija / _cAmable Mejía. |
| 260 |
_aSan Francisco de Macorís : _bAngeles de Fierro : _bNacional, _c2007. |
||
| 300 |
_a49 p. ; _c18 cm. |
||
| 500 | _aIncluye datos biográficos del autor en la solapa de la cubierta | ||
| 650 | 4 | _aPOESÍA DOMINICANA | |
| 650 | 4 | _aLITERATURA DOMINICANA | |
| 910 | _aValidado. Control de calidad BNPHU | ||
| 942 |
_2ddc _cBK |
||
| 945 | _aRemanejado para la BNPHU / VM | ||
| 956 |
_aVMATEO _b10 _c20150728 _lBPMSU _h0069 |
||
| 999 |
_c7113 _d7113 |
||